000
00271nam a22001217a 4500
008
181022b xxu||||| |||| 00| 0 eng d
041
_a
eng
080
_2
3 ed
_a
004
100
_a
370
101
_a
SHK
245
_a
Dtabase Modeling Design
_c
Toby.J.T
942
_2
udc
_c
BK
999
_c
50452
_d
50452